MARC details
| 000 -LEADER |
| fixed length control field |
02104mam a22003374a 4500 |
| 001 - CONTROL NUMBER |
| control field |
3186500 |
| 003 - CONTROL NUMBER IDENTIFIER |
| control field |
ARRUPE |
| 005 - DATE AND TIME OF LATEST TRANSACTION |
| control field |
20151013120154.0 |
| 008 - FIXED-LENGTH DATA ELEMENTS--GENERAL INFORMATION |
| fixed length control field |
010802s2002 nyua b s001 0 eng |
| 010 ## - LIBRARY OF CONGRESS CONTROL NUMBER |
| LC control number |
2001049416 |
| 020 ## - INTERNATIONAL STANDARD BOOK NUMBER |
| International Standard Book Number |
0791452190 (alk. paper) |
| 020 ## - INTERNATIONAL STANDARD BOOK NUMBER |
| International Standard Book Number |
0791452204 (pbk. : alk. paper) |
| 035 ## - SYSTEM CONTROL NUMBER |
| System control number |
(OCoLC)ocm47838483 |
| 035 ## - SYSTEM CONTROL NUMBER |
| System control number |
(NNC)3186500 |
| 040 ## - CATALOGING SOURCE |
| Original cataloging agency |
DLC |
| Transcribing agency |
DLC |
| Modifying agency |
C#P |
| -- |
OrLoB-B |
| 042 ## - AUTHENTICATION CODE |
| Authentication code |
pcc |
| 050 00 - LIBRARY OF CONGRESS CALL NUMBER |
| Classification number |
B3279.H93 |
| Item number |
A3333 2002 |
| 082 00 - DEWEY DECIMAL CLASSIFICATION NUMBER |
| Classification number |
142/.7 |
| Edition number |
21 |
| 300 ## - PHYSICAL DESCRIPTION |
| Other physical details |
ill. ; |
| Dimensions |
23 cm. |
| 100 1# - MAIN ENTRY--PERSONAL NAME |
| Personal name |
Brainard, Marcus. |
| 9 (RLIN) |
20227 |
| 245 10 - TITLE STATEMENT |
| Title |
Belief and its neutralization : |
| Remainder of title |
Husserl's system of phenomenology in Ideas I / |
| Statement of responsibility, etc |
Marcus Brainard. |
| 260 ## - PUBLICATION, DISTRIBUTION, ETC. (IMPRINT) |
| Place of publication, distribution, etc |
Albany : |
| Name of publisher, distributor, etc |
State University of New York Press, |
| Date of publication, distribution, etc |
c2002. |
| 300 ## - PHYSICAL DESCRIPTION |
| Extent |
xvii, 331 p. : |
| 490 1# - SERIES STATEMENT |
| Series statement |
SUNY series in contemporary continental philosophy |
| 504 ## - BIBLIOGRAPHY, ETC. NOTE |
| Bibliography, etc |
Includes bibliographical references (p. 307-328) and index. |
| 505 00 - FORMATTED CONTENTS NOTE |
| Miscellaneous information |
I. |
| Title |
Introduction: The Task of Thinking. |
| Miscellaneous information |
1. |
| Title |
The Idea of Phenomenology. |
| Miscellaneous information |
2. |
| Title |
The System of Husserlian Phenomenology: Ideas I -- |
| Miscellaneous information |
II. |
| Title |
Phenomenological Propaedeutics. |
| Miscellaneous information |
1. |
| Title |
Logical Considerations: Fact and Essence. |
| Miscellaneous information |
2. |
| Title |
Between Scylla and Charybdis: The Principle of All Principles. |
| Miscellaneous information |
3. |
| Title |
The Epoche and the Phenomenological Reductions. |
| Miscellaneous information |
4. |
| Title |
The Field of Phenomenological Research: Pure Consciousness -- |
| Miscellaneous information |
III. |
| Title |
The Disclosure of the System's Lowermost Limit: Subjectivity. |
| Miscellaneous information |
1. |
| Title |
The Science of Phenomenology. |
| Miscellaneous information |
2. |
| Title |
First Categories: The Archimedean Point and its Other. |
| Miscellaneous information |
3. |
| Title |
The Noetic-Noematic Correlation: Towards the Basis of Conscious Life. |
| Miscellaneous information |
4. |
| Title |
The Doctrine of the Neutrality Modification. |
| Miscellaneous information |
5. |
| Title |
The Realm of Logos -- |
| Miscellaneous information |
IV. |
| Title |
Towards the System's Uppermost Limit: Reason. |
| Miscellaneous information |
1. |
| Title |
The Referentiality of the Noema. |
| Miscellaneous information |
2. |
| Title |
The Verdict of Reason. |
| Miscellaneous information |
3. |
| Title |
Towards Absolute Reason -- |
| Miscellaneous information |
V. |
| Title |
Conclusion: The Phenomenological Movement. |
| 600 10 - SUBJECT ADDED ENTRY--PERSONAL NAME |
| Personal name |
Husserl, Edmund, |
| Dates associated with a name |
1859-1938. |
| Title of a work |
Allgemeine Einführung in die reine Phänomenologie. |
| 9 (RLIN) |
20228 |
| 650 #0 - SUBJECT ADDED ENTRY--TOPICAL TERM |
| Topical term or geographic name as entry element |
Phenomenology. |
| 9 (RLIN) |
20229 |
| 830 #0 - SERIES ADDED ENTRY--UNIFORM TITLE |
| Uniform title |
SUNY series in contemporary continental philosophy. |
| 9 (RLIN) |
10482 |
| 900 ## - EQUIVALENCE OR CROSS-REFERENCE-PERSONAL NAME [LOCAL, CANADA] |
| Numeration |
TOC |
| 942 ## - ADDED ENTRY ELEMENTS (KOHA) |
| Source of classification or shelving scheme |
Library of Congress Classification |
| Koha item type |
Monograph ( Printed materials) |